[Event "PNWCC Masters WOO 2020"]
[Site "chess.com INT"]
[Date "2020.07.05"]
[Round "5.55"]
[White "Guo, Yu Han"]
[Black "Wiebe, Daniel"]
[Result "0-1"]
[WhiteElo "1432"]
[BlackElo "1988"]
[WhiteFideId "2623870"]
[BlackFideId "2612275"]
[EventDate "2020.07.04"]

1. Nf3 Nf6 2. d4 g6 3. g3 Bg7 4. Bg2 d5 5. c4 c6 6. Qd3 O-O 7. O-O dxc4 8. Qxc4
Be6 9. Qb4 b6 10. Nc3 a5 11. Qa4 b5 12. Qc2 Na6 13. Ne5 Rc8 14. a3 Qb6 15. Rd1
c5 16. dxc5 Nxc5 17. Be3 Qa6 18. Bxc5 Rxc5 19. Nd3 Rc7 20. Qd2 Bb3 21. Rdc1 Rfc8
22. Qg5 Bc4 23. Nd5 Nxd5 24. Bxd5 h6 25. Qf4 e5 26. Qf3 Qd6 27. Bxc4 bxc4 28.
Ne1 e4 29. Qxe4 Bxb2 30. Rd1 Qc5 31. Rd5 Qe7 32. Qxe7 Rxe7 33. Rad1 Rxe2 34. Kf1
Re5 35. Rxe5 Bxe5 36. a4 Bc3 37. Nc2 Bb4 38. Ke2 c3 39. Nxb4 axb4 40. Kd3 c2 41.
Rc1 b3 42. Kd2 Rb8 43. Rxc2 bxc2 44. Kxc2 Rb4 45. Kd3 Rxa4 46. Ke3 f5 47. h3 Kg7
48. Kf3 Kf6 49. h4 g5 50. hxg5+ hxg5 51. Kg2 g4 52. f3 Ra2+ 53. Kf1 gxf3 0-1

[Event "PNWCC Masters WOO 2020"]
[Site "chess.com INT"]
[Date "2020.07.05"]
[Round "5.57"]
[White "Sivakumar, Shaashwath"]
[Black "Xu, Andrew"]
[Result "1-0"]
[WhiteElo "1866"]
[BlackElo "1524"]
[WhiteFideId "30912156"]
[BlackFideId "2623951"]
[EventDate "2020.07.04"]

1. d4 Nf6 2. c4 g6 3. Nc3 d5 4. cxd5 Nxd5 5. e4 Nxc3 6. bxc3 Bg7 7. Nf3 O-O 8.
Rb1 c5 9. Be2 Nc6 10. d5 Ne5 11. Nxe5 Bxe5 12. Qd2 Qa5 13. Rb3 Qc7 14. f4 Bg7
15. O-O Rd8 16. c4 b6 17. Bb2 Bb7 18. Bxg7 Kxg7 19. Qb2+ Kg8 20. e5 Qd7 21. f5
e6 22. fxe6 fxe6 23. Bg4 Bxd5 24. cxd5 Qxd5 25. Bf3 Qc4 26. Bxa8 Rxa8 27. Qf2
Qd4 28. Qxd4 cxd4 29. Rd3 1-0

[Event "PNWCC Masters WOO 2020"]
[Site "chess.com INT"]
[Date "2020.07.05"]
[Round "5.60"]
[White "Ho, Carter"]
[Black "McConnell, Griffin"]
[Result "1-0"]
[WhiteElo "1415"]
[BlackElo "1823"]
[WhiteFideId "30965292"]
[BlackFideId "30942551"]
[EventDate "2020.07.04"]

1. e4 c6 2. d4 d5 3. exd5 cxd5 4. Bd3 Nc6 5. c3 Qc7 6. Nf3 e6 7. O-O Bd6 8. Re1
Nge7 9. Nbd2 h6 10. Nf1 Bd7 11. Bd2 O-O-O 12. b4 g5 13. a4 f5 14. a5 Ng6 15. b5
Nxa5 16. c4 Nxc4 17. Rxa7 Qb6 18. Ra1 Nxd2 19. Qxd2 Be8 20. Rxe6 Bxh2+ 21. N3xh2
Qxe6 22. Qa5 Kd7 23. Ne3 Rf8 24. b6 Ke7 25. Re1 Kf7 26. Nxf5 Qd7 27. Ng4 Kg8 28.
Nfxh6+ Kh8 29. Qc5 Qd6 30. Qxd6 Rxd6 31. Rxe8 Rxe8 32. Nf7+ Kg7 33. Nxd6 Re6 34.
Nxb7 Rxb6 35. Nc5 Nf4 36. g3 Nxd3 37. Nxd3 Ra6 38. Ne3 Ra4 39. Nc5 Ra1+ 40. Kg2
Kg6 41. Nxd5 Rd1 42. Ne7+ Kf7 43. Nc6 g4 44. Ne5+ Ke8 45. Nb3 Rb1 46. Na5 1-0

[Event "PNWCC Masters WOO 2020"]
[Site "chess.com INT"]
[Date "2020.07.05"]
[Round "5.62"]
[White "Kozower, Ethan"]
[Black "Ji, Yuze Luke"]
[Result "1-0"]
[WhiteElo "1562"]
[BlackElo "1337"]
[WhiteFideId "30947227"]
[BlackFideId "30965284"]
[EventDate "2020.07.04"]

1. e4 c5 2. Nf3 Nc6 3. d4 cxd4 4. Nxd4 Nf6 5. Nc3 e5 6. Ndb5 d6 7. Bg5 a6 8. Na3
b5 9. Nd5 Be7 10. Bxf6 Bxf6 11. Be2 O-O 12. O-O Bg5 13. c3 Ne7 14. Nxe7+ Qxe7
15. Nc2 f5 16. Bf3 Ra7 17. Nb4 Bb7 18. Nd5 Bxd5 19. Qxd5+ Kh8 20. Rad1 Rd7 21.
exf5 Rxf5 22. Bg4 Qf7 23. Bxf5 Qxf5 24. Qc6 Qe6 25. f4 exf4 26. Qc8+ Bd8 27.
Rde1 Qf7 28. Rxf4 Qg8 29. Qxd7 Bb6+ 30. Kh1 Bc5 31. Re8 h5 32. Rxg8+ Kxg8 33.
Qf7+ Kh8 34. Qxh5+ Kg8 35. Re4 g6 36. Qxg6+ Kf8 1-0

[Event "PNWCC Masters WOO 2020"]
[Site "chess.com INT"]
[Date "2020.07.05"]
[Round "6.1"]
[White "Xiong, Jeffery"]
[Black "Le, Quang Liem"]
[Result "1/2-1/2"]
[WhiteTitle "GM"]
[BlackTitle "GM"]
[WhiteElo "2709"]
[BlackElo "2709"]
[WhiteFideId "2047640"]
[BlackFideId "12401137"]
[EventDate "2020.07.04"]

1. Nf3 Nf6 2. c4 c5 3. Nc3 Nc6 4. d4 cxd4 5. Nxd4 e6 6. g3 Qb6 7. Nf3 Bb4 8. Bg2
Qc5 9. Qd3 Ng4 10. O-O Nge5 11. Nxe5 Nxe5 12. Qe4 f5 13. Qc2 Qxc4 14. e4 fxe4
15. Bxe4 d5 16. Bf4 Bxc3 17. bxc3 Qxe4 18. Qxe4 dxe4 19. Bxe5 Bd7 20. Bxg7 Rg8
21. Bd4 Bc6 22. a4 Rg5 23. a5 Kf7 24. c4 Rgg8 25. Rfd1 Rgd8 26. Kf1 a6 27. Ke2
Rac8 28. Ke3 Be8 29. Rdc1 Bc6 30. Rd1 Be8 31. Rab1 Rxc4 32. Rxb7+ Rd7 33. Rxd7+
Bxd7 34. Rb1 Bb5 35. Kxe4 Ra4 36. Rc1 Rc4 37. Ra1 Ra4 38. Rxa4 Bxa4 39. Kf4 Kg6
40. Ke5 Kf7 41. g4 Bd1 42. h3 Be2 43. Kf4 Kg6 44. Ke5 Kf7 45. Bc3 h5 46. gxh5
Bxh5 47. Kf4 Kg6 48. f3 Kh7 49. Ke4 Bg6+ 50. Ke5 Bf5 51. h4 Kg6 52. Bd2 Kh5 53.
Bg5 Kg6 1/2-1/2

[Event "PNWCC Masters WOO 2020"]
[Site "chess.com INT"]
[Date "2020.07.05"]
[Round "6.2"]
[White "Maghsoodloo, Parham"]
[Black "Hakobyan, Aram"]
[Result "1/2-1/2"]
[WhiteTitle "GM"]
[BlackTitle "GM"]
[WhiteElo "2676"]
[BlackElo "2588"]
[WhiteFideId "12539929"]
[BlackFideId "13306677"]
[EventDate "2020.07.04"]

1. e4 c5 2. Nf3 d6 3. d4 cxd4 4. Nxd4 Nf6 5. Nc3 a6 6. h3 e5 7. Nde2 h5 8. g3
Be7 9. Bg2 Be6 10. a4 Nbd7 11. b3 Rc8 12. f4 Nf8 13. f5 Bd7 14. O-O Bc6 15. Be3
N8d7 16. b4 Nb6 17. Qd3 Bd7 18. a5 Nc4 19. Bg5 O-O 20. Rf2 Re8 21. Bxf6 Bxf6 22.
h4 Nb2 23. Qf3 Bc6 24. Qxh5 d5 25. exd5 Bb5 26. Ne4 Rxc2 27. N2c3 Rxc3 28. Nxc3
Nd3 29. Ne4 Nxf2 30. Kxf2 Bd3 31. Rc1 Be7 32. Ng5 Bxg5 33. hxg5 Bxf5 34. Rh1 Kf8
35. Qh8+ Ke7 36. Qxg7 Qd6 37. Rh6 Bg6 38. Be4 Qxb4 39. Qf6+ Kd7 40. Bxg6 fxg6
41. Rh7+ Kc8 42. d6 Qd4+ 43. Kg2 Qd5+ 44. Kg1 Kb8 45. d7 Rg8 46. Rh8 Qd4+ 47.
Kh2 Qd2+ 48. Kg1 Qe1+ 49. Kg2 Qd2+ 50. Kf3 Qd3+ 51. Kf2 Qd2+ 52. Kg1 Qe1+ 53.
Kh2 Qd2+ 54. Kg1 1/2-1/2

[Event "PNWCC Masters WOO 2020"]
[Site "chess.com INT"]
[Date "2020.07.05"]
[Round "6.3"]
[White "Jobava, Baadur"]
[Black "Kovalev, Vladislav"]
[Result "1-0"]
[WhiteTitle "GM"]
[BlackTitle "GM"]
[WhiteElo "2603"]
[BlackElo "2648"]
[WhiteFideId "13601520"]
[BlackFideId "13504398"]
[EventDate "2020.07.04"]

1. d4 Nf6 2. c4 e6 3. Nf3 d5 4. cxd5 exd5 5. Nc3 Be7 6. Bf4 O-O 7. e3 Bf5 8. h3
c6 9. g4 Bg6 10. Qb3 Qb6 11. Nd2 Na6 12. a3 Bd8 13. Rc1 Re8 14. Be2 Ne4 15.
Ncxe4 Bxe4 16. Qxb6 axb6 17. Nxe4 dxe4 18. g5 Nc7 19. h4 Nd5 20. Be5 Bc7 21.
Bxc7 Nxc7 22. Bc4 Ra5 23. Ke2 Re7 24. Rcg1 Ne8 25. g6 hxg6 26. Rxg6 Kh7 27. Rg5
Rxg5 28. hxg5+ Kg6 29. Rg1 Nd6 30. Ba2 Re8 31. f3 Rh8 32. fxe4 Rh2+ 33. Kf3 Rxb2
34. Bb1 Nc4 35. Bd3 Nd2+ 36. Kf4 Rb3 37. Be2 Kh7 38. g6+ fxg6 39. e5 Rxa3 40. e4
b5 41. e6 Kg8 42. Rd1 Nc4 43. Bxc4 bxc4 44. d5 cxd5 45. exd5 g5+ 46. Ke4 Kf8 47.
Rf1+ Ke8 48. d6 Rd3 49. Ke5 Re3+ 50. Kd5 Rd3+ 51. Kc5 Re3 52. d7+ Ke7 53. Rf8
b6+ 54. Kxc4 b5+ 55. Kd4 Rxe6 56. d8=Q# 1-0

[Event "PNWCC Masters WOO 2020"]
[Site "chess.com INT"]
[Date "2020.07.05"]
[Round "6.4"]
[White "Hovhannisyan, Robert"]
[Black "Safarli, Eltaj"]
[Result "1/2-1/2"]
[WhiteTitle "GM"]
[BlackTitle "GM"]
[WhiteElo "2642"]
[BlackElo "2598"]
[WhiteFideId "13302507"]
[BlackFideId "13402129"]
[EventDate "2020.07.04"]

1. e4 c5 2. Nf3 Nc6 3. d4 cxd4 4. Nxd4 Nf6 5. Nc3 e6 6. Ndb5 Bb4 7. a3 Bxc3+ 8.
Nxc3 d5 9. Bd3 dxe4 10. Nxe4 Nxe4 11. Bxe4 Qxd1+ 12. Kxd1 Bd7 13. Be3 O-O-O 14.
Kc1 f5 15. Bd3 e5 16. f3 f4 17. Bf2 g5 18. b4 g4 19. Kb2 gxf3 20. gxf3 Be8 21.
Bh4 Rd6 22. Rad1 Kc7 23. Be4 Rxd1 24. Rxd1 Bg6 25. Bd5 Re8 26. Bf6 Nd4 27. Bxe5+
Rxe5 28. Rxd4 Re2 29. Rc4+ Kb8 30. h4 Rh2 31. Rxf4 Rxc2+ 32. Kb3 Re2 33. a4 Bc2+
34. Kc3 Bxa4 35. Rf8+ Re8 36. Rf7 Rc8+ 37. Kd4 Rc7 38. Rf8+ Rc8 39. Rxc8+ Kxc8
40. Ke5 b6 41. f4 a5 42. bxa5 bxa5 43. f5 Kd8 44. Kf6 Bd7 45. Bg8 Ke8 46. Bxh7
Kf8 47. Bg6 a4 48. Bf7 Bxf5 49. h5 1/2-1/2

[Event "PNWCC Masters WOO 2020"]
[Site "chess.com INT"]
[Date "2020.07.05"]
[Round "6.5"]
[White "Liang, Awonder"]
[Black "Vokhidov, Shamsiddin"]
[Result "1-0"]
[WhiteTitle "GM"]
[BlackTitle "GM"]
[WhiteElo "2592"]
[BlackElo "2512"]
[WhiteFideId "2056437"]
[BlackFideId "14204223"]
[EventDate "2020.07.04"]

1. d4 Nf6 2. c4 e6 3. Nc3 Bb4 4. e3 O-O 5. Bd3 d5 6. Nf3 dxc4 7. Bxc4 c5 8. O-O
Nbd7 9. Be2 cxd4 10. Nxd4 e5 11. Nf3 Bxc3 12. bxc3 Qe7 13. c4 b6 14. a4 Ba6 15.
Ba3 Nc5 16. Bb2 Nfd7 17. Qc2 Rfd8 18. Rfd1 f6 19. Nh4 Nf8 20. Nf5 Qe6 21. e4 Nb7
22. Rd5 Ng6 23. Rad1 Nf4 24. Bg4 Kh8 25. Rxd8+ Rxd8 26. g3 h5 27. gxf4 hxg4 28.
fxe5 fxe5 29. Rd5 Kg8 30. Qd1 Qf6 31. Qxg4 Rxd5 32. cxd5 Nc5 33. f4 Nd3 34. fxe5
Nxe5 35. Qg3 1-0

[Event "PNWCC Masters WOO 2020"]
[Site "chess.com INT"]
[Date "2020.07.05"]
[Round "6.6"]
[White "Tabatabaei, M.amin"]
[Black "Matlakov, Maxim"]
[Result "0-1"]
[WhiteTitle "GM"]
[BlackTitle "GM"]
[WhiteElo "2629"]
[BlackElo "2685"]
[WhiteFideId "12521213"]
[BlackFideId "4168003"]
[EventDate "2020.07.04"]

1. d4 Nf6 2. c4 e6 3. g3 Bb4+ 4. Bd2 a5 5. Bg2 d5 6. Qc2 O-O 7. Nf3 c5 8. Bxb4
axb4 9. dxc5 d4 10. O-O Nc6 11. Nbd2 e5 12. Ne4 Bf5 13. Nfd2 Nd7 14. Qc1 Bxe4
15. Nxe4 Qe7 16. a3 bxa3 17. Rxa3 Rxa3 18. bxa3 f5 19. Qb1 fxe4 20. Qxb7 Nd8 21.
Qb4 Nf6 0-1

[Event "PNWCC Masters WOO 2020"]
[Site "chess.com INT"]
[Date "2020.07.05"]
[Round "6.7"]
[White "Sevian, Samuel"]
[Black "Indjic, Aleksandar"]
[Result "1-0"]
[WhiteTitle "GM"]
[BlackTitle "GM"]
[WhiteElo "2660"]
[BlackElo "2618"]
[WhiteFideId "2040506"]
[BlackFideId "911925"]
[EventDate "2020.07.04"]

1. e4 e5 2. Nf3 Nc6 3. Bb5 a6 4. Ba4 Nf6 5. O-O Be7 6. Re1 b5 7. Bb3 d6 8. c3
O-O 9. h3 Nb8 10. d4 Nbd7 11. c4 c6 12. Qc2 a5 13. a3 Ba6 14. c5 Qc7 15. cxd6
Bxd6 16. Bg5 Rfe8 17. dxe5 Nxe5 18. Nbd2 a4 19. Ba2 b4 20. axb4 Nd3 21. Re3 Nxb4
22. Qc3 Nd7 23. Bc4 h6 24. Bh4 Bc5 25. Bg3 Qb6 26. Ree1 Bb5 27. e5 Nd5 28. Qc2
Bb4 29. Re4 Bxd2 30. Nxd2 Nc5 31. Rg4 Nb3 32. e6 Qb7 33. Re1 h5 34. Rh4 Bxc4 35.
Nxc4 Rxe6 36. Rxe6 fxe6 37. Be5 Nf6 38. Bxf6 gxf6 39. Rxh5 Qg7 40. Qe4 Rd8 41.
Qxe6+ Kf8 42. Nd6 1-0

[Event "PNWCC Masters WOO 2020"]
[Site "chess.com INT"]
[Date "2020.07.05"]
[Round "6.8"]
[White "Kobalia, Mikhail"]
[Black "Esipenko, Andrey"]
[Result "0-1"]
[WhiteTitle "GM"]
[BlackTitle "GM"]
[WhiteElo "2614"]
[BlackElo "2682"]
[WhiteFideId "4119150"]
[BlackFideId "24175439"]
[EventDate "2020.07.04"]

1. e4 e5 2. Nf3 Nc6 3. Bb5 a6 4. Ba4 Nf6 5. O-O Be7 6. d3 b5 7. Bb3 d6 8. a3 O-O
9. Nc3 Na5 10. Ba2 Be6 11. Bg5 c5 12. Bxf6 Bxf6 13. Nd5 g6 14. b4 Nc6 15. Qd2
Bg7 16. Ng5 Bd7 17. Rab1 h6 18. f4 exf4 19. Nxf7 Rxf7 20. Nxf4 Be8 21. Nxg6 Qg5
22. Nf4 Kh8 23. Bxf7 Bxf7 24. Rf3 Nd4 25. Rf2 Ne6 26. Nxe6 Qxd2 27. Rxd2 Bxe6
28. h3 h5 29. bxc5 Bd4+ 30. Kh1 dxc5 31. e5 Rf8 32. Re2 Kg7 33. Rc1 Bb2 34. Rd1
Bd4 0-1

[Event "PNWCC Masters WOO 2020"]
[Site "chess.com INT"]
[Date "2020.07.05"]
[Round "6.9"]
[White "Mikhalevski, Victor"]
[Black "Fedoseev, Vladimir3"]
[Result "0-1"]
[WhiteTitle "GM"]
[BlackTitle "GM"]
[WhiteElo "2565"]
[BlackElo "2678"]
[WhiteFideId "2801914"]
[BlackFideId "24130737"]
[EventDate "2020.07.04"]

1. d4 Nf6 2. c4 e6 3. g3 d5 4. Nf3 h6 5. Bg2 Bd6 6. Nbd2 b6 7. O-O Bb7 8. cxd5
exd5 9. b3 Nbd7 10. Bb2 Qe7 11. Rc1 O-O-O 12. Qc2 Kb8 13. b4 Bxb4 14. Qxc7+ Ka8
15. Qc2 Qxe2 16. Rfe1 Qa6 17. a3 Rc8 18. Qb3 Bxd2 19. Nxd2 Rxc1 20. Bxc1 Rc8 21.
Bb2 Qa5 22. Re2 Ba6 0-1

[Event "PNWCC Masters WOO 2020"]
[Site "chess.com INT"]
[Date "2020.07.05"]
[Round "6.10"]
[White "Predojevic, Borki"]
[Black "Shabalov, Alexander"]
[Result "1-0"]
[WhiteTitle "GM"]
[BlackTitle "GM"]
[WhiteElo "2601"]
[BlackElo "2528"]
[WhiteFideId "930849"]
[BlackFideId "2008572"]
[EventDate "2020.07.04"]

1. e4 c5 2. Nf3 e6 3. g3 Nf6 4. e5 Nd5 5. Bg2 Be7 6. O-O O-O 7. d4 cxd4 8. Nxd4
Nc6 9. Nxc6 bxc6 10. Nd2 Qc7 11. c4 Nb6 12. Qe2 a5 13. b3 f6 14. exf6 Bxf6 15.
Ba3 Bxa1 16. Bxf8 Bf6 17. Bc5 d6 18. Bxb6 Qxb6 19. Bh3 e5 20. Bxc8 Rxc8 21. c5
dxc5 22. Ne4 Rf8 23. Qc4+ Kh8 24. Qxc5 Qxc5 25. Nxc5 Kg8 26. Rc1 Ra8 27. Nd7 Ra6
28. Nb8 Rb6 29. Nd7 Ra6 30. Rc4 Kf7 31. Nb8 Rb6 32. Nxc6 a4 33. Na5 axb3 34.
Nxb3 Ke6 35. Kf1 Kd5 36. Rc5+ Kd6 37. Rc2 h5 38. h3 Rb4 39. Rd2+ Kc6 40. Ke2 Ra4
41. Rc2+ Kb5 42. Nc5 Ra7 43. Ne4 Be7 44. g4 hxg4 45. hxg4 Bb4 46. Kf3 Ra3+ 47.
Kg2 Kb6 48. Rb2 Ka5 49. Rc2 Kb6 50. f3 Be7 51. Nd2 Kb5 52. Nc4 Ra4 53. Nxe5 Bf6
54. Nd3 Ra3 55. Nf2 Bd4 56. Ne4 Ra8 57. Nd6+ Kb6 58. Nf5 Be5 59. Re2 Bf6 60. f4
Ra4 61. Kf3 Ra3+ 62. Ne3 Kc5 63. Ke4 Kc6 64. g5 Bc3 65. Kf5 Bd4 66. Ng4 Ra8 67.
Kg6 Kd5 68. f5 1-0

[Event "PNWCC Masters WOO 2020"]
[Site "chess.com INT"]
[Date "2020.07.05"]
[Round "6.11"]
[White "Bosiocic, Marin"]
[Black "Demchenko, Anton"]
[Result "0-1"]
[WhiteTitle "GM"]
[BlackTitle "GM"]
[WhiteElo "2625"]
[BlackElo "2641"]
[WhiteFideId "14507927"]
[BlackFideId "4160258"]
[EventDate "2020.07.04"]

1. d4 Nf6 2. Nf3 g6 3. g3 Bg7 4. Bg2 O-O 5. O-O d6 6. c4 Nbd7 7. Nc3 e5 8. e4
Re8 9. h3 exd4 10. Nxd4 Nc5 11. Re1 Bd7 12. b3 h6 13. Bb2 a5 14. Rb1 c6 15. Nc2
Qc7 16. Ba3 b6 17. Qd2 Rad8 18. Rbd1 Bc8 19. Qc1 Nh7 20. Bb2 Ng5 21. h4 Nh7 22.
Qa1 Nf6 23. Ne2 Nh5 24. Bxg7 Nxg7 25. Nc3 Bb7 26. Ne3 h5 27. Rd2 Qe7 28. Red1 g5
29. hxg5 Qxg5 30. Rxd6 Rxd6 31. Rxd6 h4 32. gxh4 Qxh4 33. Qf1 Kf8 34. f4 Re6 35.
Rd2 Nh5 36. Rf2 Ng3 37. Qd1 Rh6 38. Nf1 Nh5 39. Qd2 Ne6 40. f5 Nef4 41. Ne2
Nxe2+ 42. Qxe2 c5 43. Qd2 Kg7 44. e5 Bxg2 45. Rxg2+ Kh7 46. Qd7 Ng7 47. f6 Qh1+
48. Kf2 Qh4+ 49. Ke2 Qh5+ 50. Kd2 Ne6 51. Qe8 Ng5 52. Qf8 Rg6 53. Kc1 Rg8 54.
Qe7 Qf3 55. Rh2+ Kg6 56. Nd2 Qg3 57. Rh1 Qc3+ 58. Kd1 Qa1+ 0-1

[Event "PNWCC Masters WOO 2020"]
[Site "chess.com INT"]
[Date "2020.07.05"]
[Round "6.12"]
[White "Shyam, Sundar M."]
[Black "Ter-Sahakyan, Samvel"]
[Result "1/2-1/2"]
[WhiteTitle "GM"]
[BlackTitle "GM"]
[WhiteElo "2518"]
[BlackElo "2640"]
[WhiteFideId "5019141"]
[BlackFideId "13302531"]
[EventDate "2020.07.04"]

1. e4 c6 2. c4 d5 3. exd5 cxd5 4. cxd5 Nf6 5. Nc3 Nxd5 6. Nf3 e6 7. Bc4 Nxc3 8.
bxc3 Bd6 9. O-O O-O 10. d4 Nd7 11. Qe2 Qc7 12. Bd3 b6 13. c4 Bb7 14. Bb2 Rfe8
15. Rae1 Nf8 16. Ne5 Bxe5 17. Qxe5 Qxe5 18. Rxe5 Ng6 19. Bxg6 hxg6 20. Rc1 Rac8
21. f3 Ba6 22. c5 Bb7 23. cxb6 axb6 24. Rb5 Bd5 25. Rxb6 Bxa2 26. h4 1/2-1/2

[Event "PNWCC Masters WOO 2020"]
[Site "chess.com INT"]
[Date "2020.07.05"]
[Round "6.13"]
[White "Yang, Kaiqi"]
[Black "Bernadskiy, Vitaliy"]
[Result "1/2-1/2"]
[WhiteTitle "GM"]
[BlackTitle "GM"]
[WhiteElo "2481"]
[BlackElo "2629"]
[WhiteFideId "8604398"]
[BlackFideId "14100371"]
[EventDate "2020.07.04"]

1. e4 c5 2. Nf3 d6 3. Bb5+ Nd7 4. c3 Nf6 5. Qe2 a6 6. Ba4 b5 7. Bc2 e5 8. O-O
Be7 9. d4 O-O 10. Rd1 Qc7 11. a4 b4 12. a5 Rb8 13. dxe5 Nxe5 14. Nbd2 Nfd7 15.
Nc4 Nxc4 16. Qxc4 Ne5 17. Nxe5 dxe5 18. Be3 bxc3 19. bxc3 Rb5 20. Qa4 Be6 21.
Rdb1 Rfb8 22. Rxb5 Rxb5 23. c4 Rb2 24. Qe8+ Bf8 25. Rd1 Qb8 26. Qxb8 Rxb8 27.
Bd3 Rd8 28. Rd2 Be7 29. h3 g6 30. Be2 Rb8 31. Ra2 Rb4 32. Bd2 Rb3 33. f3 h5 34.
Kf2 h4 35. Rc2 f6 36. Rc3 Rb2 37. Ke1 Bd8 38. Ra3 Kf7 39. Kd1 Rb1+ 40. Bc1 Bd7
41. Kc2 Rb7 42. Bd2 f5 43. Bd3 Ke6 44. Bc3 Bc6 45. Ra2 Rf7 46. Kd1 fxe4 47. Bxe4
Bxe4 48. fxe4 Rf1+ 49. Ke2 Rg1 50. Kd3 Rb1 51. Ke2 Bc7 52. Kd3 Kd7 53. Ke2 Ke6
54. Kd3 g5 55. Ke2 Kf6 56. Kd3 Kg6 57. Bd2 Rb3+ 58. Bc3 Rb1 59. Bd2 g4 60. hxg4
Rb3+ 61. Bc3 Kg5 62. Kc2 Rb8 63. Kd3 Kxg4 64. Rf2 Rd8+ 65. Ke2 Rd7 66. Rf6 Bd6
67. Rg6+ Kf4 68. Rh6 Kxe4 69. Rxh4+ Kf5 70. Rh5+ Kg6 71. Rh8 Bc7 72. Ra8 Rd6 73.
Rc8 Rd7 74. Ra8 Rd6 75. Ke3 Rf6 76. Ra7 Bb8 77. Rb7 Bd6 78. Rb6 Kf5 79. Rxa6 Rg6
80. Rb6 Rg3+ 81. Kf2 Rxc3 82. Rxd6 Rxc4 83. a6 Ke4 84. Rc6 Rc2+ 85. Kf1 Kd5 86.
Rc7 Ra2 87. a7 c4 88. g4 c3 89. Rxc3 Rxa7 90. Ke2 Kd4 91. Rb3 Ra2+ 92. Ke1 e4
93. g5 e3 94. Rb8 Rg2 95. Rd8+ Ke4 96. Re8+ Kd3 97. Rd8+ Ke4 98. Re8+ Kd3 99.
Rd8+ Ke4 1/2-1/2

[Event "PNWCC Masters WOO 2020"]
[Site "chess.com INT"]
[Date "2020.07.05"]
[Round "6.14"]
[White "Vitiugov, Nikita"]
[Black "Wen, Teddie"]
[Result "1-0"]
[WhiteTitle "GM"]
[WhiteElo "2722"]
[BlackElo "2071"]
[WhiteFideId "4152956"]
[BlackFideId "30952247"]
[EventDate "2020.07.04"]

1. d4 d5 2. c4 c6 3. Nf3 Nf6 4. e3 g6 5. Nc3 Bg7 6. h3 O-O 7. Bd3 Nbd7 8. O-O a6
9. Bd2 dxc4 10. Bxc4 b5 11. Be2 c5 12. Rc1 cxd4 13. Nxd4 Bb7 14. a4 e5 15. Nc2
bxa4 16. Nxa4 Nd5 17. Na3 Qg5 18. Bf3 Rad8 19. Bxd5 Bxd5 20. e4 Qh4 21. exd5 f5
22. Nc5 Nxc5 23. Rxc5 e4 24. Bc3 h5 25. Bxg7 Kxg7 26. Qd4+ Kh6 27. Nc4 Rde8 28.
Rc7 f4 29. Qg7+ Kg5 30. Rf7 Rxf7 31. Qxf7 f3 32. g3 Qxh3 33. Qf4# 1-0

[Event "PNWCC Masters WOO 2020"]
[Site "chess.com INT"]
[Date "2020.07.05"]
[Round "6.15"]
[White "Salik, Serkan"]
[Black "Swiercz, Dariusz"]
[Result "0-1"]
[BlackTitle "GM"]
[WhiteElo "1986"]
[BlackElo "2649"]
[WhiteFideId "30952492"]
[BlackFideId "1126881"]
[EventDate "2020.07.04"]

1. d4 Nf6 2. c4 g6 3. Nc3 Bg7 4. e4 d6 5. Nge2 O-O 6. f3 a6 7. Be3 b5 8. cxb5
axb5 9. Nxb5 c6 10. Nbc3 Nbd7 11. Nc1 e5 12. Be2 d5 13. dxe5 Nxe5 14. O-O dxe4
15. Qxd8 Rxd8 16. fxe4 Neg4 17. Bg5 h6 18. Bxg4 hxg5 19. Bxc8 Raxc8 20. Nb3 Ng4
21. Rad1 Ne3 22. Rxd8+ Rxd8 23. Re1 Nc4 24. Re2 g4 25. Kf2 Be5 26. g3 Kg7 27.
Rc2 Rh8 28. Kg1 Bb8 29. Nd1 Ne5 30. Nd2 Ba7+ 31. Kg2 Nd3 32. Rxc6 Rd8 33. Kf1
Nb4 34. Rc7 Rxd2 35. Ke1 Bb6 36. Rc4 Rxh2 37. Rxb4 Ba5 38. a3 Rc2 39. Ne3 Rxb2
40. Nxg4 Bxb4+ 41. axb4 Rxb4 42. Nf2 Rb3 0-1

[Event "PNWCC Masters WOO 2020"]
[Site "chess.com INT"]
[Date "2020.07.05"]
[Round "6.16"]
[White "Chen, Ryo"]
[Black "Brodsky, David"]
[Result "0-1"]
[BlackTitle "IM"]
[WhiteElo "2085"]
[BlackElo "2455"]
[WhiteFideId "7003072"]
[BlackFideId "2073250"]
[EventDate "2020.07.04"]

1. e4 c5 2. Nf3 d6 3. d4 cxd4 4. Nxd4 Nf6 5. Nc3 a6 6. Be2 e5 7. Nb3 Be7 8. O-O
O-O 9. Kh1 Nc6 10. f4 b5 11. Bf3 b4 12. Nd5 a5 13. Be3 a4 14. Nd2 Ba6 15. Be2
Bb7 16. Nc4 Nxd5 17. exd5 Nd4 18. Bxd4 exd4 19. Qxd4 a3 20. Ne3 axb2 21. Rab1
Bf6 22. Qxb4 Qe7 23. Bc4 Rfb8 24. Qd2 Ba6 25. Rfe1 Bxc4 26. Nxc4 Qc7 27. Qe2 h6
28. Nd2 Qxc2 29. Ne4 Qxe2 30. Rxe2 Rxa2 31. Nxf6+ gxf6 32. g3 Ra1 33. Ree1 Rxb1
34. Rxb1 Kg7 35. Kg2 Rb3 36. Kf2 Kg6 37. Ke2 Kf5 38. Kd2 Kg4 39. Kc2 Rb8 40. Kd3
Kh3 41. Ke4 Kxh2 42. Kf5 Kxg3 43. Kxf6 Kxf4 44. Kxf7 Ke5 0-1

[Event "PNWCC Masters WOO 2020"]
[Site "chess.com INT"]
[Date "2020.07.05"]
[Round "6.17"]
[White "Flom, Gabriel"]
[Black "Liang, Justin"]
[Result "1-0"]
[WhiteTitle "GM"]
[WhiteElo "2514"]
[BlackElo "2067"]
[WhiteFideId "621650"]
[BlackFideId "2099942"]
[EventDate "2020.07.04"]

1. d4 Nf6 2. c4 e6 3. Nc3 Bb4 4. Bg5 c5 5. d5 Bxc3+ 6. bxc3 d6 7. e3 e5 8. Qc2
Nbd7 9. Nf3 Nf8 10. Bd3 Qe7 11. Nd2 h6 12. Bh4 g5 13. Bg3 Rg8 14. O-O-O Ng6 15.
f4 Kd8 16. Bxg6 exf4 17. exf4 Rxg6 18. f5 Rg8 19. Rhe1 Qd7 20. Ne4 Nxe4 21. Qxe4
Kc7 22. Qe7 Qxe7 23. Rxe7+ Bd7 24. Rxf7 Raf8 25. Rh7 Rh8 26. Rg7 Rhg8 27. f6 h5
28. h3 h4 29. Bh2 g4 30. hxg4 Rxg7 31. fxg7 Rg8 32. g5 Rxg7 33. Bf4 Bf5 34. Rh1
Rh7 35. Kd2 Kd7 36. Ke3 Ke7 37. Kf3 Bd3 38. Re1+ Kd7 39. Re6 Bxc4 40. Rxd6+ Ke8
41. g6 Rg7 42. Bg5 Rd7 43. Re6+ 1-0

[Event "PNWCC Masters WOO 2020"]
[Site "chess.com INT"]
[Date "2020.07.05"]
[Round "6.18"]
[White "Murzin, Volodar"]
[Black "Pan, Kevin"]
[Result "1-0"]
[WhiteTitle "IM"]
[WhiteElo "2465"]
[BlackElo "2106"]
[WhiteFideId "44155573"]
[BlackFideId "30915708"]
[EventDate "2020.07.04"]

1. e4 e5 2. Nf3 Nc6 3. Bb5 a6 4. Ba4 Nf6 5. O-O b5 6. Bb3 Bc5 7. d3 d6 8. a3 h6
9. Nc3 Bb7 10. Be3 Ba7 11. Ne2 O-O 12. Ng3 Ne7 13. Nh4 Qd7 14. Bxa7 Rxa7 15. f4
Qg4 16. fxe5 dxe5 17. Qxg4 Nxg4 18. h3 Nf6 19. Ngf5 Nxf5 20. Rxf5 Re8 21. Nf3 c5
22. Rxe5 Rc8 23. Nd2 Ba8 24. c4 Rd7 25. Bc2 g6 26. Rf1 Kg7 27. b3 Ne8 28. b4
cxb4 29. axb4 f6 30. Re6 Bc6 31. c5 Rd4 32. Rb1 Kf7 33. Rxc6 Rxc6 34. Nf3 Rd8
35. Ra1 a5 36. Rxa5 Nc7 37. Ra7 Ra8 38. Rb7 Ke8 39. d4 Na6 40. Bd3 Kd8 41. Rxb5
Rb8 42. Rxb8+ Nxb8 43. d5 Rc7 44. e5 fxe5 45. d6 Rb7 46. Nxe5 Rxb4 47. c6 Rd4
48. c7+ Kc8 49. cxb8=Q+ Kxb8 50. Nc6+ 1-0